000
00349 a2200157 4500
001
156446
020
_a
9788532286741
040
_c
Escola São Tomás de Aquino
100
_a
SMOLE, Kátia Stocco
240
1
0
_a
Saber matemática
_l
por
245
1
0
_a
Saber matemática
300
_a
288
362
0
_a
2013
697
_a
MATEMÁTICA
942
_c
BK
999
_c
156446
_d
156446